Statistics for Components of the Human Digestive System

Click here to take the quiz!

General Stats

  • This quiz has been taken 71 times
  • The average score is 8 of 12

Answer Stats

Answer % Correct
Small Intestine
98%
Large Intestine
98%
Mouth
95%
Stomach
95%
Oesophagus
86%
Liver
84%
Pancreas
81%
Gall Bladder
74%
Spleen
28%
Pharynx
21%
Thoracic diaphragm
7%
Caecum
7%

Score Distribution

Percentile by Number Answered

Percent of People with Each Score

Your Score History

You have not taken this quiz